logo

Bir Sreshtho Munshi Abdur Rouf Library
Jhenaidah Cadet College

Linear algebra with applications / (Record no. 5600)

MARC details
000 -LEADER
fixed length control field 00800pam a2200289 a 4500
001 - CONTROL NUMBER
JCCL Control Number 5600
003 - CONTROL NUMBER IDENTIFIER
JCCL marc code BD-JhCC
005 - DATE AND TIME OF LATEST TRANSACTION
control field 20171218185500.0
008 - FIXED-LENGTH DATA ELEMENTS--GENERAL INFORMATION
fixed length control field 821027s1983 caua b 001 0 eng
020 ## - INTERNATIONAL STANDARD BOOK NUMBER
International Standard Book Number 0534013643
035 ## - SYSTEM CONTROL NUMBER
system control number (BD-JhCC)5600
040 ## - CATALOGING SOURCE
Original cataloging agency DLC
Transcribing agency DLC
Modifying agency DLC
041 ## - LANGUAGE CODE
Language code of Book eng
050 00 - LIBRARY OF CONGRESS CALL NUMBER
Classification number QA184
Item number .A36 1983
082 00 - DEWEY DECIMAL CLASSIFICATION NUMBER
Classification number 512/.5
DDC Edition number 19
Author mark and Year LIN 1978
100 1# - MAIN ENTRY--PERSONAL NAME
Personal name Agnew, Jeanne,
Dates associated with a name 1917-
245 10 - TITLE STATEMENT
Title Linear algebra with applications /
Statement of responsibility, etc Jeanne Agnew, Robert C. Knapp.
250 ## - EDITION STATEMENT
Edition statement 2nd ed.
260 ## - PUBLICATION, DISTRIBUTION, ETC. (IMPRINT)
Place of publication, distribution, etc Monterey, Calif. :
Name of publisher, distributor, etc Brooks/Cole Pub. Co.,
Date of publication, distribution, etc c1983.
300 ## - PHYSICAL DESCRIPTION
Pagination xiii, 361 p. :
Other physical details ill. ;
Dimensions 24 cm.
500 ## - GENERAL NOTE
General note Includes indexes.
504 ## - BIBLIOGRAPHY, ETC. NOTE
Bibliography, etc Bibliography: p. 352.
650 #0 - SUBJECT ADDED ENTRY--TOPICAL TERM
Topical term or geographic name as entry element Algebras, Linear.
700 1# - ADDED ENTRY--PERSONAL NAME
Personal name Knapp, Robert C.,
Dates associated with a name 1942-
942 ## - ADDED ENTRY ELEMENTS (KOHA)
Source of classification or shelving scheme Dewey Decimal Classification
Koha item type Books
Holdings
Source of classification or shelving scheme Damaged status Not for loan Home library Current library Shelving location Total Checkouts Full call number Barcode Date last seen Copy number Koha item type
Dewey Decimal Classification     JCC Rouf Library JCC Rouf Library General Stacks   512/.5 LIN 1978 7832 12/18/2017 C - 1 Books

JCC Library | Contacts | JCC Home

Last Update on 23 September 2017
Copyright @ 2017-2020 JCC Rouf Library
Rouf Library, Jhenidah Cadet College (JCC), Bangladesh